000 00732nam a22002177a 4500
999 _c16093
_d16093
003 AR-CdUCM
008 190502b ||||| |||| 00| 0 spa d
020 _a978-958-766-098-2
040 _aMUNICIPALIDAD PROVINCIAL DEL CUSCO
_cBIBLIOTECA MUNICIPAL DEL CUSCO
082 _aEP / 800 /
_bK57
100 _aKipling, Rudyard
_926003
245 _aEl libro de la selva :
_bUn increible libro Pop-Up con despegables y ventanitas /
260 _aBogota :
_bPanamericana editorial,
_c2013.
300 _bIlustraciones, graficos, dibujos,
_c32 cm.
500 _aCuentos e historias infantiles
650 _aCuentos
_951601
650 _aHistoria
_951602
650 _aLiteratura
_983
942 _2ddc
_cLIBROS
945 _apjha
_d2019-05-02